000 00448cam a2200145 4500500
005 20251012011418.0
041 _afre
042 _adc
100 1 0 _aPersonne, Thomas
_eauthor
245 0 0 _aLe Feu et le Récit
260 _c2015.
500 _a47
786 0 _nPhilosophie magazine | 91 | 8 | 2015-07-01 | p. 56-56 | 1951-1787
856 4 1 _uhttps://shs.cairn.info/magazine-philosophie-magazine-2015-8-page-56?lang=fr&redirect-ssocas=7080
999 _c1522967
_d1522967